000 00512nam a2200181Ia 4500
001 18547
005 20260306171638.0
008 260306s9999||||xx |||||||||||||| ||und||
041 _aESP
082 _a658.408
_bM26
100 _aMarquina, Percy (Coord.)
_eAUT
245 0 _aDiagnóstico de la responsabilidad social en organizaciones peruanas:
_buna aproximación interinstitucional y multidisciplinaria
260 _c2011
300 _a
_c
650 _aGEN
654 _aCAN
942 _cLIB
_dJUS
_fJUS
_2ddc
_n
999 _c18547
_d18547